000
00270nam a22001217a 4500
008
171027b xxu||||| |||| 00| 0 eng d
041
_a
eng
080
_a
336
100
_a
55
101
_a
MEN
245
_a
BUSINESS FINANCIAL MANAGEMENT
_c
ENGLER, G.N
942
_2
udc
_c
BK
999
_c
36056
_d
36056